|
|
|
|
| LEADER |
00000nam a2200000 4500 |
| 001 |
vtls011839700 |
| 003 |
SK-MaSNL |
| 005 |
20260301184249.0 |
| 008 |
200228s2015 xo oc g c 000 0 eng |
| 015 |
|
|
|a SNBE2019
|
| 020 |
|
|
|a 9788089762019
|q (brožované)
|
| 035 |
|
|
|a urn:nbn:sk:snk-am00dbtg
|
| 035 |
|
|
|a urn:nbn:sk:snk-am3hwue
|
| 035 |
|
|
|a CE665C03-6A42-498F-B129-5A792643BF7B
|
| 040 |
|
|
|a SNK
|b slo
|c SNK
|e rda
|
| 041 |
0 |
|
|a eng
|
| 043 |
|
|
|a x------
|
| 044 |
|
|
|a xo
|c SK
|
| 072 |
|
7 |
|a 73
|x Sochárstvo, keramika, porcelán, umelecké spracovanie kovov
|2 konspekt
|
| 080 |
|
|
|a 005.591-027.543
|2 2011
|
| 080 |
|
|
|a 72/76.071.1
|2 2011
|
| 080 |
|
|
|a 739.1/.2
|2 2011
|
| 080 |
|
|
|a (100)
|2 2011
|
| 080 |
|
|
|a (083.824)
|2 2011
|
| 245 |
0 |
0 |
|a Schmuck Wander
|b passport
|n Vol. four
|c authors of the project: Mária H. Nepšinská, Kristýna Španihelová, Mišo Kostovský ; catalogue conception and project coordinator: Mária H. Nepšinská ; photographs: Peter Ančič
|
| 250 |
|
|
|a First edition
|
| 264 |
|
1 |
|a [Bratislava]
|b Jewellers' Association AURA
|c 2015
|
| 300 |
|
|
|a 59 strán
|b fotografie, portréty
|c 21 cm
|
| 336 |
|
|
|a text
|b txt
|2 rdacontent
|
| 336 |
|
|
|a statický obraz
|b sti
|2 rdacontent
|
| 337 |
|
|
|a bez média
|b n
|2 rdamedia
|
| 338 |
|
|
|a zväzok
|b nc
|2 rdacarrier
|
| 366 |
|
|
|e 200 kusov
|
| 500 |
|
|
|a Miesto vydania podľa NA ISBN
|
| 500 |
|
|
|a Publikácia v tvare pasu
|
| 610 |
2 |
7 |
|a Schmuck Wander (projekt)
|2 SNKKA
|9 545677
|
| 650 |
0 |
7 |
|a medzinárodné programy a projekty
|2 SNKPH
|9 247444
|
| 650 |
0 |
7 |
|a výtvarníci
|z krajiny sveta
|2 SNKPH
|9 545678
|
| 650 |
0 |
7 |
|a umelecké šperky
|2 SNKPH
|9 2740
|
| 650 |
0 |
7 |
|a International programs and projects
|2 SNKPHeng
|9 266198
|
| 650 |
0 |
7 |
|a Artists
|z countries of the world
|2 SNKPHeng
|9 545679
|
| 650 |
0 |
7 |
|a Art jewelry
|2 SNKPHeng
|9 323812
|
| 655 |
|
7 |
|a katalógy výstav
|2 SNKPH
|9 70445
|
| 655 |
|
7 |
|a Exhibition catalogs
|2 SNKPHeng
|9 266232
|
| 700 |
1 |
|
|a Nepšinská, Mária H.
|4 ccp
|4 com
|9 434964
|
| 700 |
1 |
|
|a Španihelová, Kristýna,
|d 1982-
|4 ccp
|9 435245
|
| 700 |
1 |
|
|a Kostovský, Michal
|4 ccp
|9 512122
|
| 700 |
1 |
|
|a Ančič, Peter
|4 pht
|9 354501
|
| 919 |
|
|
|a 978-80-89762-01-9
|
| 999 |
|
|
|c 859939
|d 861869
|
| 952 |
|
|
|a SNK
|b SNK
|y PREZ
|7 0
|p 17A1352733
|o snkOSC 28651
|i snk2019/3601
|8 0
|0 0
|1 0
|4 0
|d 2019-02-07
|f 1
|l 0
|r 2026-02-24 05:08:49
|w 2026-02-24
|
| 952 |
|
|
|a SNK
|b SNK
|y VYP
|7 0
|p 17A1352734
|o snkOSC 28651 D1
|i snk2019/3602
|8 0
|0 0
|1 0
|4 0
|d 2019-02-07
|l 0
|r 2026-02-24 05:08:50
|w 2026-02-24
|